Takoma Park Washington, DC: (Record no. 25254)

MARC details
000 -LEADER
fixed length control field 00701nam a22001937a 4500
003 - CONTROL NUMBER IDENTIFIER
control field AUA.1
005 - DATE AND TIME OF LATEST TRANSACTION
control field 20251120152204.0
008 - FIXED-LENGTH DATA ELEMENTS--GENERAL INFORMATION
fixed length control field 251120b ||||| |||| 00| 0 eng d
040 ## - CATALOGING SOURCE
Transcribing agency EGWEBO
050 ## - LIBRARY OF CONGRESS CALL NUMBER
Classification number BX6117.8
Item number .T3 2019
100 ## - MAIN ENTRY--PERSONAL NAME
Personal name James R. Nix
Relator term Author
9 (RLIN) 50327
245 ## - TITLE STATEMENT
Title Takoma Park Washington, DC:
Remainder of title A guide to selected historic Adventist sites
Statement of responsibility, etc James R. Nix
260 ## - PUBLICATION, DISTRIBUTION, ETC. (IMPRINT)
Place of publication, distribution, etc Laurel, MD
Date of publication, distribution, etc c2019
300 ## - PHYSICAL DESCRIPTION
Extent 119p.
Other physical details chiefly col ill.
Dimensions 23 cm
500 ## - GENERAL NOTE
General note Contains a small paper with corrections on some dates
501 ## - WITH NOTE
With note Preliminary edition on Cover
610 ## - SUBJECT ADDED ENTRY--CORPORATE NAME
Corporate name or jurisdiction name as entry element Seventh-day Adventists
General subdivision History
Geographic subdivision Takoma Park (Washington, DC)
942 ## - ADDED ENTRY ELEMENTS (KOHA)
Source of classification or shelving scheme Library of Congress Classification
Koha item type Books
Classification part BX 6117.8
Item part .T3 2019
Holdings
Withdrawn status Lost status Source of classification or shelving scheme Damaged status Not for loan Collection code Home library Current library Shelving location Date acquired Source of acquisition Cost, normal purchase price Serial Enumeration / chronology Total Checkouts Full call number Barcode Date last seen Cost, replacement price Price effective from Koha item type
    Library of Congress Classification     Books Judith Thomas Library Judith Thomas Library General Stacks 20/11/2025 Donation, Prof. Vincent Injety 10.00 AUA27992   BX 6117.8 .T3 2019 AUA27992 20/11/2025 10.00 20/11/2025 Books